000 00792nam a22002417a 4500
003 UA-OsUOA
001 124080
007 ta
008 20170724b un ||||| |||| 00| 0 ukr d
100 _aСивицкий В. А.
090 _a340.1(470+571)
_bС34
942 _cBK
040 _aUA-OsUOA
_brus
_cUA-OsUOA
_dUA-OsUOA
245 _aПроблемы систематизации правовых норм в Российской Федерации
300 _a140 с.
955 _a1
041 _arus
080 _a340.1(470+571)
020 _a978-5-8467-0048-2
260 _aМ.
_bФормула правды
_c2007
650 7 _a340 Право в цілому. Пропедевтика. Методи та допоміжні правничі науки
_2UDC
999 _c411306
_d411306